Interviewing skills : Hiring the best (Record no. 230424)

MARC details
000 -LEADER
fixed length control field 00533nam a2200145Ia 4500
008 - FIXED-LENGTH DATA ELEMENTS--GENERAL INFORMATION
fixed length control field 231221s9999 xx 000 0 und d
041 ## - LANGUAGE CODE
Language code of text/sound track or separate title English
082 ## - DEWEY DECIMAL CLASSIFICATION NUMBER
Classification number 6555 - MBA
100 ## - MAIN ENTRY--PERSONAL NAME
Personal name Miller, Lee.
245 #0 - TITLE STATEMENT
Title Interviewing skills : Hiring the best
260 ## - PUBLICATION, DISTRIBUTION, ETC.
Date of publication, distribution, etc. 2005
Name of publisher, distributor, etc. Makau
Place of publication, distribution, etc. Orme
510 ## - CITATION/REFERENCES NOTE
Name of source Course Introduction 1. Course overview. 2. Goals of the job interview. 3. Preparing for the interview. 4. Conducting the interview. 5. Evaluating the candidate. 6. What did you learn?
650 ## - SUBJECT ADDED ENTRY--TOPICAL TERM
Topical term or geographic name entry element Interviewing,Hiring
942 ## - ADDED ENTRY ELEMENTS (KOHA)
Koha item type Compact Disks
Holdings
Date last seen Total checkouts Full call number Accession number Cost, total (INR) price Price effective from Category Lost status Damaged status Department Withdrawn status Home library Current library Shelving location Entry date Vendor Cost, normal purchase price Grants Billnumber Currency symbol Conversion rate Discount Old discount
26/01/2024   6555 - MBA CD6555 2000.00 26/01/2024 Compact Disks     MBA   Central Library Central Library MBA   Aditya Books Pvt Ltd. 2000.00 MBA 1 RS 1    

© For any Suggestions or Query, please contact the library staff @ librarian@pes.edu or Phone: +9180 2672 1983/ 2108.